000 00467cam a2200205ua 4500
001 8652
005 20260515114348.0
008 150210n ii |||gr||||Z||||||eng
020 _a9780199541898
040 _cMAIN
041 _aeng
082 _a823N
100 _aBronte, E.,
_eAuthor.
245 _aWuthering heights
_cBy Emily Bronte
250 _a1st.
260 _aNew Delhi:
_bOxford,
_c2009.
300 _a340p.
653 _aEnglish fiction
942 _cBK
999 _c7744
_d7744